00433nam a22001337a 4500040000900000082001500009100003900024245002600063260004100089650003400130942001200164999001900176952010400195 cNust a297.7bASH a Maulana Ashraf Ali Thanvi9114492 aاصلاحی نصاب aKarachi:bH. M Saeed Company,c1995. aاصلاحی نصاب9126054 2ddccBK c611779d611779 00102ddc4070aCEMEbCEMEcGENd2024-09-25l0o297.7 ASHpCEME- 33861r2024-09-25w2024-09-25yBK